Polskie kluby piłkarskie z 1 ligi - Statystyki

Ogólne statystyki
  • Ten quiz został rozwiązany 160 razy
  • Średni wynik to 11 z 18
Statystyki odpowiedzi
# Kluby % Poprawnych
9 Wisła Kraków
90%
2 Arka Gdynia
87%
11 Stal Rzeszów
73%
1 Lechia Gdańsk
72%
15 Polonia Warszawa
72%
6 Wisła Płock
69%
4 Motor Lublin
68%
3 GKS Katowice
66%
8 Odra Opole
60%
16 Resovia Rzeszów
60%
7 GKS Tychy
57%
5 Górnik Łęczna
55%
10 Miedź Legnica
55%
18 Zagłębie Sosnowiec
53%
17 Podbeskidzie Bielsko-Biała
49%
13 Chrobry Głogów
47%
12 Znicz Pruszków
45%
14 Bruk-Bet Termalica Nieciecza
43%
Nie znaleziono quizów pasujących do podanych kryteriów
Rozkład punktacji
Procent ludzi z każdym wynikiem
Percentyl według liczby udzielonych odpowiedzi
Twoja historia wyników
Nie rozwiązałeś tego quizu